Análisis de prefactibilidad técnica y financiera de una planta para extraer y producir Estevia
Guardado en:
| Hovedforfatter: | |
|---|---|
| Andre forfattere: | |
| Format: | Bog |
| Sprog: | Spanish |
| Udgivet: |
San José, Costa Rica,
2022
|
| Fag: | |
| Tags: |
Tilføj Tag
Ingen Tags, Vær først til at tagge denne postø!
|
MARC
| LEADER | 00000nam a2200000Ia 4500 | ||
|---|---|---|---|
| 003 | 013653 | ||
| 005 | 20230612132247.0 | ||
| 008 | 140114s2022 cr a 000 ||spa d | ||
| 040 | |c cru CEDI | ||
| 100 | |a Brenes Arias, Merari, 1991- |9 662 | ||
| 245 | |a Análisis de prefactibilidad técnica y financiera de una planta para extraer y producir Estevia | ||
| 260 | |a San José, Costa Rica, |c 2022 | ||
| 500 | |a Proyecto de graduación (licenciatura en ingeniería química)--Universidad de Costa Rica. Facultad de Ingeniería. Escuela de Ingeniería Química | ||
| 501 | |a Directora de Proyecto de Graduación: Dra. Bárbara Miranda Morales | ||
| 650 | |x STEVIA REBAUDIANA - COSTA RICA |x EDULCORANTES - COSTA RICA |x ENDULZADORES |x ESTUDIOS DE FACTIBILIDAD |x -PRODUCCION |x EXTRACCION (QUIMICA) - METODOS | ||
| 700 | |9 24 |a Miranda Morales, Bárbara Cristina, 1983- |d Directora del TFG | ||
| 942 | |c CEDI |h TFG 8804 |6 TFG_8804_000000000000000 | ||
| 999 | |c 15367 |d 15367 | ||
